Building information modelling in 2012 (Record no. 114507)

MARC details
000 -LEADER
fixed length control field 01401cad a22002175a 4500
001 - CONTROL NUMBER
control field L156945
008 - FIXED-LENGTH DATA ELEMENTS--GENERAL INFORMATION
fixed length control field 120731s2012 xxk f 000 0 eng d
035 ## - SYSTEM CONTROL NUMBER
System control number (Sirsi) u156945
041 0# - LANGUAGE CODE
Language code of text/sound track or separate title eng
100 1# - MAIN ENTRY--PERSONAL NAME
Personal name Whyte, Jennifer
110 2# - MAIN ENTRY--CORPORATE NAME
Corporate name or jurisdiction name as entry element Design Innovation Research Centre, University of Reading
9 (RLIN) 6101
245 00 - TITLE STATEMENT
Title Building information modelling in 2012
Remainder of title research challenges, contributions, opportunities
Medium [electronic resource]
260 ## - PUBLICATION, DISTRIBUTION, ETC.
Place of publication, distribution, etc. Reading
Name of publisher, distributor, etc. University of Reading
Date of publication, distribution, etc. 2012
490 #0 - SERIES STATEMENT
Series statement Design Innovation Research Centre Working Paper
Volume/sequential designation Number 5
520 ## - SUMMARY, ETC.
Summary, etc. This working paper provides an annotated bibliography of studies on BIM which were published in English in the first six months of 2012. It discusses the areas of focus in this international research and how the work relates to and informs changes in policy and practice. The paper is written in the context of the UK BIM task group's ambition to implement BIM in public procurement by 2016. The aim is not to provide a comprehensive review, but rather starting points for discussion about the related research challenges, contributions to practice, and future research opportunities.
590 ## - LOCAL NOTE (RLIN)
Local note KA NTK
651 #4 - SUBJECT ADDED ENTRY--GEOGRAPHIC NAME
Geographic name International
690 ## - LOCAL SUBJECT ADDED ENTRY--TOPICAL TERM (OCLC, RLIN)
Topical term or geographic name as entry element BIM
9 (RLIN) 6219
856 40 - ELECTRONIC LOCATION AND ACCESS
Uniform Resource Identifier <a href="https://www.reading.ac.uk/web/FILES/designinnovation/DIRC_Working_Paper_5.pdf">https://www.reading.ac.uk/web/FILES/designinnovation/DIRC_Working_Paper_5.pdf</a>
Public note View the working paper free of charge at www.reading.ac.uk
942 ## - ADDED ENTRY ELEMENTS (KOHA)
Suppress in OPAC 0
Holdings
Withdrawn status Lost status Source of classification or shelving scheme Damaged status Not for loan Home library Current library Shelving location Date acquired Total Checkouts Full call number Barcode Date last seen Copy number Price effective from Koha item type
    Dewey Decimal Classification     Virtual Virtual Online 31/07/2012   ONLINE PUBLICATION 156945-2001 06/08/2019 1 06/08/2019 Book